Normal view
MARC view
- آثار -- بحث. تاريخ--بحث
Entry Topical Term
001 - CONTROL NUMBER
- control field: 7002
003 - CONTROL NUMBER IDENTIFIER
- control field: JO-AjAnu
005 - DATE AND TIME OF LATEST TRANSACTION
- control field: 20230606071432.0
008 - FIXED-LENGTH DATA ELEMENTS
- fixed length control field: 230606|| aca||aabn | a|a d
040 ## - CATALOGING SOURCE
- Original cataloging agency: JO-AjAnu
- Transcribing agency: JO-AjAnu
150 ## - HEADING--TOPICAL TERM
- Topical term or geographic name entry element: آثار -- بحث. تاريخ--بحث
670 ## - SOURCE DATA FOUND
- Source citation: Work cat.: (JO-AjAnu)3626: تاليف باقر، طه، حميد، عبد العزيز م.مشارك, author 7001, طرق البحث العلمي في التاريخ والاثار